00000000nam 2200000zi 4500
0019.946637
003CaOODSP
00520250108143633
006m     o  d f      
007cr |n|||||||||
008250108t20082008nkca    of   f000 0 fre d
020 |z9780662054924
040 |aCaOODSP|bfre|erda|cCaOODSP
043 |an-cn---
0861 |aFo104-1/2008F-PDF|zFo104-1/2008
24500|aInsectes et maladies s'attaquant a l'arbre de Noël : |bun guide de terrain.
264 1|aFredericton (Nouveau-Brunswick) : |bRessoruces naturelles Canada, Service canadien des forêts, Centre de foresterie de l'Atlantique, |c[2008]
264 4|c©2008
300 |a1 ressource en ligne (17 pages) : |billustrations en couleur
336 |atexte|btxt|2rdacontent/fre
337 |ainformatique|bc|2rdamedia/fre
338 |aressource en ligne|bcr|2rdacarrier/fre
500 |aPublié aussi en anglais sous le titre : Christmas tree insects and diseases : a field guide.
500 |aÉdition numérisée de l'imprimé [par Direction des publications du gouvernement du Canada].
500 |aTitre de la couverture.
550 |aPublié par: Centre de foresterie de l'Atlantique.
650 0|aBalsam fir|xDiseases and pests|zCanada|vHandbooks, manuals, etc.
650 0|aInsect pests|zCanada|vHandbooks, manuals, etc.
650 0|aForest insects|zCanada|vHandbooks, manuals, etc.
650 0|aBalsam fir|xDiseases and pests|vHandbooks, manuals, etc.
650 6|aSapin baumier|xMaladies et fléaux|zCanada|vGuides, manuels, etc.
650 6|aInsectes nuisibles|zCanada|vGuides, manuels, etc.
650 6|aInsectes forestiers|zCanada|vGuides, manuels, etc.
650 6|aSapin baumier|xMaladies et fléaux|vGuides, manuels, etc.
655 7|aHandbooks and manuals|2lcgft
655 7|aGuides et manuels|2rvmgf
7101 |aCanada. |bRessources naturelles Canada, |eorganisme de publication.
7102 |aService canadien des forêts, |eorganisme de publication.
7760#|tInsectes et maladies s'attaquant a l'arbre de Noël : |w(CaOODSP)9.684199
85640|qPDF|s11449 Ko|uhttps://publications.gc.ca/collections/collection_2025/rncan-nrcan/Fo104-1-2008-fra.pdf